000 00888nam a22003017a 4500
001 0000014
003 KOHA_MİRAKIL
005 20260207001156.0
007 ta
008 081212b2001 tu |||gr||||#0|||0|tur |
020 _a9758405152
_c23,29
040 _aTR-BiSEU
_btur
_cTR-BiSEU
_erda
041 0 _atur
044 _ctu
050 _aLB1028.43
_b.I64 2001
100 1 _aİpek, İsmail.
245 1 _aBilgisayarla öğretim :
_btasarım, geliştirme ve yöntemler/
_cİsmail İpek ; İsmail İpek.
264 1 _aAnkara :
_bTıp Teknik
_c2001
300 _a360 sayfa
336 _ametin
_btxt
_2rdacontent
337 _aaracısız
_bn
_2rdamedia
338 _acilt
_bnc
_2rdacarrier
650 0 _aBilgisayar destekli öğretim.
_91500
650 0 _aComputer--Assisted instruction.
_91501
650 0 _aEducation--Data processing.
_91502
907 _aEğitim
942 _2lcc
_cBK
999 _c15
_d15